000 00572 a2200169 4500
020 _a1402036302
020 _a9781402036309
082 0 4 _a519.82
090 _c773
_d773
100 1 _aBreuer, L.
245 1 3 _aAn introduction to queueing theory :
_band matrix-analytic methods /
_cL. Breuer, Dieter Baum.
260 _a[S.l.] :
_bSpringer,
_c2004
300 _a271 p. ;
_c25 cm.
700 1 _aBaum, Dieter.
942 _aSNS
_cBK
_k512.482 BUM
999 _c29399
_d29399